| 000 | | | 03714nmc2a22000003x 450 |
| 001 | | | 23d30b01-ae8a-40b5-b0e9-0fe413a8a07c |
| 005 | | | 20180516192022.0 |
| 100 | ## | $a | 20160229l18431846k l0rusy0189 ca |
| 101 | 0# | $a | rus |
| 102 | ## | $a | RU |
| 200 | 1# | $a | Дело по отношению господина военного министра о рассмотрении поступков станового пристава Богучарского земского суда Ольшанского |
| | $j | 3 декабря 1843 г. - 6 июля 1846 г. |
| 251 | ## | $c | Дело |
| 300 | ## | $a | Дело |
| 801 | #0 | $a | RU |
| | $b | РГИА |
| | $c | 20160229 |
| | $g | RCR |
| 801 | #1 | $a | RU |
| | $b | ГлавНИВЦ |
| | $c | 20160229 |
| | $2 | rusmarc |
| 801 | #2 | $a | RU |
| | $b | ПБ им. Б.Н. Ельцина |
| | $c | 20180516 |
| | $g | RCR |
| | $2 | rusmarc |
| 850 | ## | $a | РГИА |
| 852 | ## | $a | РГИА |
| | $e | Федеральное казенное учреждение "Российский государственный исторический архив" (РГИА) |
| | $j | 713 |
| 937 | ## | $h | РГИА |
| | $d | 12197114 |
| | $a | ASBIBLIO_SCAN |
| 462 | #0 | $1 | 001e71f34c7-6ba6-4504-897e-253c950c25bd |
| | $1 | 2001 |
| | $a | 1841-1843 гг. Дела Департамента полиции исполнительной МВД за 1843 г. |
| | $1 | 251 |
| | $c | Опись |
| | $1 | 852 |
| | $j | 8 |
| 461 | #0 | $1 | 0013e300ed0-cd39-49af-8489-5ba5b90fa401 |
| | $1 | 2001 |
| | $a | Департамент полиции исполнительной МВД |
| | $1 | 251 |
| | $c | Фонд |
| | $1 | 852 |
| | $j | 1286 |
| 215 | ## | $a | 23 л. |
| | $d | 36,5х26 см |
| 371 | ## | $a | Документ не является опубликованным и широко распространяемым |
| 105 | ## | $a | y### |
| 122 | 2# | $a | d |
| 035 | ## | $a | 23d30b01-ae8a-40b5-b0e9-0fe413a8a07c |
| 856 | ## | $u | http://readingroom.main.prlib.ru/item.aspx?id_node=n114904511&mode=full |